The handbook of mass media ethics / (Record no. 349633)
[ view plain ]
| 000 -LEADER | |
|---|---|
| fixed length control field | 03005cam a2200325 a 4500 |
| 001 - CONTROL NUMBER | |
| control field | 15067404 |
| 003 - CONTROL NUMBER IDENTIFIER | |
| control field | OSt |
| 005 - DATE AND TIME OF LATEST TRANSACTION | |
| control field | 20180117085949.0 |
| 008 - FIXED-LENGTH DATA ELEMENTS--GENERAL INFORMATION | |
| fixed length control field | 071101s2009 nyu 000 0 eng d |
| 010 ## - LIBRARY OF CONGRESS CONTROL NUMBER | |
| LC control number | 2007045403 |
| 020 ## - INTERNATIONAL STANDARD BOOK NUMBER | |
| International Standard Book Number | 9780805861914 |
| 020 ## - INTERNATIONAL STANDARD BOOK NUMBER | |
| International Standard Book Number | 9780805861921 |
| 020 ## - INTERNATIONAL STANDARD BOOK NUMBER | |
| International Standard Book Number | 9781410615480 |
| 040 ## - CATALOGING SOURCE | |
| Original cataloging agency | DLC |
| Transcribing agency | DLC |
| Modifying agency | DLC |
| 050 00 - LIBRARY OF CONGRESS CALL NUMBER | |
| Classification number | P94 |
| Item number | .H355 2009 |
| 082 00 - DEWEY DECIMAL CLASSIFICATION NUMBER | |
| Classification number | 175 |
| Edition number | 22 |
| 245 04 - TITLE STATEMENT | |
| Title | The handbook of mass media ethics / |
| Statement of responsibility, etc. | edited by Lee Wilkins and Clifford G. Christians. |
| 260 ## - PUBLICATION, DISTRIBUTION, ETC. | |
| Place of publication, distribution, etc. | New York : |
| Name of publisher, distributor, etc. | Routledge, |
| Date of publication, distribution, etc. | 2009. |
| 300 ## - PHYSICAL DESCRIPTION | |
| Extent | xiv, 398 p. ; |
| Dimensions | 27 cm. |
| 505 0# - FORMATTED CONTENTS NOTE | |
| Formatted contents note | A philosophically based inquiry into the nature of communicating humans / Wayne Woodward -- A short history of media ethics in the United States / John P. Ferre -- Essential shared values and 21st century journalism / Deni Elliott -- Moral development / Renita Coleman and Lee Wilkins -- The search for universals / Clifford G. Christians and Thomas W. Cooper -- Truth and objectivity / Stephen J. A. Ward -- Photojournalism ethics / Julianne H. Newton -- Why diversity is an ethical issue / Ginny Whitehouse -- The ethics of advocacy / Sherry Baker -- The ethics of propaganda and the propaganda of ethics / Jay Black -- Perspectives on pornography demand ethical critique / Wendy Wyatt and Kris E. Bunton -- Violence / Patrick Plaisance -- The eroding boundaries between news and entertainment and what they mean for democratic politics / Bruce A. Williams and Michael X. Delli Carpini -- What can we get away with / Angharad N. Valdivia -- Justice as a journalistic value and goal / David A. Craig -- Transparency in journalism / Stephanie Craft and Kyle Heim -- Conflict of interest enters a new age / Edward Wasserman -- Digital ethics in autonomous systems / Michael Bugeja -- Peace journalism / Seow Ting Lee -- Privacy and the press / Lou Hodges -- Buddhist moral ethics / S. Holly Stocking -- Communitarianism / Mark Fackler -- Freedom of expression and the liberal democratic tradition / G. Stuart Adam -- Feminist media ethics / Linda Steiner -- Media ownership in a corporate age / Matthew P. McAllister and Jennifer M. Proffitt -- Ethical tensions in news making / Sandra L. Borden and Peggy Bowers -- The media in evil circumstances / Robert S. Fortner -- Global media ecology / Mark D. Alleyne. |
| 650 #0 - SUBJECT ADDED ENTRY--TOPICAL TERM | |
| Topical term or geographic name entry element | Mass media |
| General subdivision | Moral and ethical aspects. |
| 700 1# - ADDED ENTRY--PERSONAL NAME | |
| Personal name | Wilkins, Lee. |
| 700 1# - ADDED ENTRY--PERSONAL NAME | |
| Personal name | Christians, Clifford G. |
| 856 41 - ELECTRONIC LOCATION AND ACCESS | |
| Materials specified | Table of contents only |
| Uniform Resource Identifier | <a href="http://www.loc.gov/catdir/toc/ecip084/2007045403.html">http://www.loc.gov/catdir/toc/ecip084/2007045403.html</a> |
| 906 ## - LOCAL DATA ELEMENT F, LDF (RLIN) | |
| a | 7 |
| b | cbc |
| c | orignew |
| d | 1 |
| e | ecip |
| f | 20 |
| g | y-gencatlg |
| 942 ## - ADDED ENTRY ELEMENTS (KOHA) | |
| Source of classification or shelving scheme | |
| Koha item type | Book |
| Withdrawn status | Lost status | Source of classification or shelving scheme | Damaged status | Not for loan | Collection code | Permanent Location | Current Location | Shelving location | Date acquired | Total Checkouts | Full call number | Barcode | Date last seen | Price effective from | Koha item type |
|---|---|---|---|---|---|---|---|---|---|---|---|---|---|---|---|
| Central Library (CL) | Central Library (CL) | General Stacks | 04/01/2014 | 175 WIL | NBSPS-107 | 06/17/2016 | 04/01/2014 | Book | |||||||
| Central Library (CL) | Central Library (CL) | General Stacks | 04/01/2014 | 175 WIL | NBSPS-108 | 04/01/2014 | 04/01/2014 | Book |
